BUTTERFLY EFFECT - Travis Scott (Full lyrics) - Statistics

General Stats
  • This quiz has been taken 34 times
  • The average score is 236 of 374
Answer Stats
Lyrics % Correct
I
100%
life,
100%
cannot
96%
change
96%
For
96%
for
96%
it,
96%
it
96%
the
96%
this
96%
like
93%
candy
89%
cane
89%
Drop
89%
main
89%
off
89%
to
89%
top,
89%
deep
85%
in
85%
In
85%
pop
85%
sweet
85%
a
81%
Hills,
81%
hills,
81%
Hidden
78%
let
78%
bang
74%
M&M's,
70%
be
67%
me
63%
me,
63%
my
59%
We
59%
we
59%
Been
56%
been
56%
Oh,
56%
oh,
56%
On
56%
on
56%
no,
52%
league
48%
You
48%
you
48%
ain't
44%
All
44%
all
44%
and
44%
Need
44%
need,
44%
need
44%
time
44%
dawgs,
41%
dawgs
41%
hide
41%
is
41%
play
41%
seek
41%
straight
41%
up,
41%
up
41%
Yeah,
41%
yeah,
41%
but
37%
exercise
37%
Exercise
37%
go,
37%
go
37%
Jump
37%
jump
37%
know
37%
movin'
37%
movin',
37%
Phantom
37%
some
37%
as
33%
chain
33%
feel
33%
Flexin',
33%
flexin',
33%
hockey
33%
how
33%
just
33%
mob
33%
not
33%
nothin'
33%
puck
33%
try
33%
your
33%
behind
30%
bills,
30%
down
30%
free
30%
Freeway,
30%
Icy
30%
icy
30%
I'm
30%
keep
30%
baby,
26%
creep
26%
Heatin'
26%
heatin'
26%
love,
26%
low
26%
low,
26%
right
26%
She
26%
still,
26%
Take
26%
what
26%
when
26%
back,
22%
back
22%
bustin'
22%
hit
22%
inside,
22%
lay
22%
please,
22%
sip,
22%
soon
22%
Atlanta
19%
braids
19%
caught
19%
chains
19%
Medusa,
19%
one,
19%
piled
19%
rock
19%
Santana
19%
speed
19%
through
19%
thumbin'
19%
waves,
19%
Bend
15%
bend
15%
Feelin'
15%
Green
15%
high
15%
if
15%
lanes
15%
Lantern
15%
laws,
15%
mantle
15%
might
15%
must
15%
never
15%
ones,
15%
run
15%
text
15%
calm
11%
cut
11%
lights
11%
roll
11%
stuck,
11%
turn
11%
broads,
7%
'cause
7%
dip
7%
fly
7%
help
4%
set,
4%
stayed
4%
send
0%
No matching quizzes found
Score Distribution
Percent of People with Each Score
Percentile by Number Answered
Your Score History
You have not taken this quiz